25 plus grandes villes de Corse - Statistiques

Statistiques générales
  • Ce quiz a été pris 248 fois
  • Le résultat moyen est 11 sur 25
Statistiques - réponses
Hint Réponse % Correct
73 822 Ajaccio
100%
48 768 Bastia
99%
11 229 Porto-Vecchio
91%
5 746 Calvi
90%
7 654 Corte
87%
3 200 Bonifacio
86%
9 678 Borgo
65%
3 741 Propriano
63%
3 570 Sartène
61%
6 032 Furiani
48%
4 248 Ghisonaccia
48%
7 654 Biguglia
47%
3 220 L'Île-Rousse
41%
6 091 Lucciana
33%
4 251 Bastelicaccia
26%
3 336 Afa
22%
2 748 Zonza
20%
3 587 Alata
18%
3 212 Vescovato
12%
3 349 Grosseto-Prugna
9%
3 278 Sarrola-Carcopino
8%
3 376 Penta-di-Casinca
7%
3 737 Prunelli-di-Fiumorbo
6%
2 936 San-Martino-di-Lota
4%
3 232 Ville-di-Pietrabugno
3%
Aucun quiz correspondant
Distribution des résultats
% des personnes avec chaque résultat
Percentile par nombre de réponses
Votre historique - résultats
Vous n’avez pas pris ce quiz